<?xml version="1.0" encoding="UTF-8"?><?xml-stylesheet type="text/xsl" href="static/style.xsl"?><OAI-PMH xmlns="http://www.openarchives.org/OAI/2.0/" xmlns:xsi="http://www.w3.org/2001/XMLSchema-instance" xsi:schemaLocation="http://www.openarchives.org/OAI/2.0/ http://www.openarchives.org/OAI/2.0/OAI-PMH.xsd"><responseDate>2026-04-29T19:34:21Z</responseDate><request verb="GetRecord" identifier="oai:repisalud.isciii.es:20.500.12105/6934" metadataPrefix="marc">https://repisalud.isciii.es/rest/oai/request</request><GetRecord><record><header><identifier>oai:repisalud.isciii.es:20.500.12105/6934</identifier><datestamp>2025-05-29T10:59:12Z</datestamp><setSpec>com_20.500.12105_2052</setSpec><setSpec>com_20.500.12105_2051</setSpec><setSpec>col_20.500.12105_19613</setSpec></header><metadata><record xmlns="http://www.loc.gov/MARC21/slim" xmlns:dcterms="http://purl.org/dc/terms/" xmlns:doc="http://www.lyncode.com/xoai" xmlns:xsi="http://www.w3.org/2001/XMLSchema-instance" xsi:schemaLocation="http://www.loc.gov/MARC21/slim http://www.loc.gov/standards/marcxml/schema/MARC21slim.xsd">
   <leader>00925njm 22002777a 4500</leader>
   <datafield ind2=" " ind1=" " tag="042">
      <subfield code="a">dc</subfield>
   </datafield>
   <datafield ind2=" " ind1=" " tag="720">
      <subfield code="a">Repullo, Jose Ramon</subfield>
      <subfield code="e">author</subfield>
   </datafield>
   <datafield ind2=" " ind1=" " tag="260">
      <subfield code="c">2018-12-15</subfield>
   </datafield>
   <datafield ind2=" " ind1=" " tag="520">
      <subfield code="a">The  economic crisis  (2009-2014)  and  the  austerity policies  (2010-...) have notably affected Spanish society, its public services and the public health system. Unemployment and labor regulation has deteriorated the labor market, creating poverty and inequality, and consolidating low salaries, part-time work and contractual precariousness. No short-term  impact on health (morbi-mortality and perceived health) was observed (except perhaps in mental health), but problems are expected in the medium-long term. The  austerity has significantly affected the National Health System (NHS),  imposing budget cuts close to 10%, through linear  reductions in salaries, hiring and spending; but the NHS has been resilient, although it has accumulated structural tensions, has exhausted its reserves, and has accumulated waiting lists and criticism from patients. The need for reforms is clear, but distrust among all agents prevails. The political change of 2015 (end of bipartisanship), the Catalan conflict since 2017, the change of government in 2018 (PSOE), and the elections of 2019, will influence the next future agenda, oscillating between a liberal-conservative model (public health stagnant  with increasing flight from the middle classes to private health care), and a social reformist one (reinvestment in health care, although with controversies in management models).</subfield>
   </datafield>
   <datafield ind1="8" ind2=" " tag="024">
      <subfield code="a">An. Inst. Hig. Med. Trop., (Lisb). 2018;17(Supl.1):59-70</subfield>
   </datafield>
   <datafield ind1="8" ind2=" " tag="024">
      <subfield code="a">10.25761/anaisihmt.252</subfield>
   </datafield>
   <datafield ind1="8" ind2=" " tag="024">
      <subfield code="a">http://hdl.handle.net/20.500.12105/6934</subfield>
   </datafield>
   <datafield tag="653" ind2=" " ind1=" ">
      <subfield code="a">Austerity</subfield>
   </datafield>
   <datafield tag="653" ind2=" " ind1=" ">
      <subfield code="a">Public health system</subfield>
   </datafield>
   <datafield tag="653" ind2=" " ind1=" ">
      <subfield code="a">Private health care</subfield>
   </datafield>
   <datafield tag="653" ind2=" " ind1=" ">
      <subfield code="a">Need for reform</subfield>
   </datafield>
   <datafield tag="653" ind2=" " ind1=" ">
      <subfield code="a">Spain</subfield>
   </datafield>
   <datafield ind2="0" ind1="0" tag="245">
      <subfield code="a">Spain’s health care system and the crisis: a case study in the struggle for a capable welfare state</subfield>
   </datafield>
</record></metadata></record></GetRecord></OAI-PMH>